| 000 | 00537cam a22002171 4500 | ||
|---|---|---|---|
| 001 | sa 67007659 | ||
| 003 | DLC | ||
| 005 | 20260227112417.0 | ||
| 008 | 890510s1965 ii 000 0 hino | ||
| 010 | _asa 67007659 | ||
| 035 | _a(OCoLC)19690983 | ||
| 040 |
_aDLC _cWaU _dDLC |
||
| 042 | _apremarc | ||
| 050 | 0 | 0 |
_aPK575 _b.S9 |
| 100 | 1 | _aŚukla, Śyāmasundara. | |
| 245 | 1 | 0 | _aSarala saṃskr̥ta vyākaraṇa. |
| 260 | _c1965. | ||
| 300 |
_a12, 181 p. _c19 cm. |
||
| 500 | _aIn Hindi. | ||
| 650 | 0 |
_aSanskrit language _xGrammar. |
|
| 999 |
_c76715 _d76715 |
||